| 000 | 00513nam a2200169Ia 4500 | ||
|---|---|---|---|
| 003 | GCL | ||
| 008 | 140319s9999 xx 000 0 eng d | ||
| 040 |
_aGCL / _cGCL |
||
| 082 | 0 | 4 |
_a448 _bد ف |
| 245 | 1 | 0 | _aالفرنسية فى جميع المناسبات |
| 260 |
_aالقاهرة : _bدار الهيثم |
||
| 300 |
_a125 ص ؛ _c20 سم |
||
| 490 |
_aسلسلة عالم اللغات _v0 |
||
| 650 | 0 | 4 | _aاللغة الفرنسية |
| 650 | 0 | 4 | _aاللغة الفرنسية - تعليم |
| 942 |
_2ddc _cBK |
||
| 999 |
_c48261 _d48261 |
||